000 00514nmm a2200169Ia 4500
008 251105s9999||||xx |||||||||||||||||und||
041 _aspa
100 _aTurner, Linda
245 0 _aUn príncipe a su servicio/Escoltando a una princesa
264 _a[Madrid, España] :
_bHarlequin,
_c[Fecha de publicación no identificada]
300 _a0 páginas
650 _aRomance
700 _aTurner, Linda
700 1 _a Pappano, Marilyn
856 _uhttps://public.digitaliapublishing.com/a/90229
942 _cCF
999 _c72110
_d72110